<?xml version="1.0" encoding="UTF-8"?><?xml-stylesheet type="text/xsl" href="static/style.xsl"?><OAI-PMH xmlns="http://www.openarchives.org/OAI/2.0/" xmlns:xsi="http://www.w3.org/2001/XMLSchema-instance" xsi:schemaLocation="http://www.openarchives.org/OAI/2.0/ http://www.openarchives.org/OAI/2.0/OAI-PMH.xsd"><responseDate>2026-04-17T22:50:37Z</responseDate><request verb="GetRecord" identifier="oai:www.recercat.cat:20.500.12327/1815" metadataPrefix="marc">https://recercat.cat/oai/request</request><GetRecord><record><header><identifier>oai:recercat.cat:20.500.12327/1815</identifier><datestamp>2025-10-22T11:04:17Z</datestamp><setSpec>com_2072_4428</setSpec><setSpec>com_2072_4427</setSpec><setSpec>col_2072_487898</setSpec></header><metadata><record xmlns="http://www.loc.gov/MARC21/slim" xmlns:dcterms="http://purl.org/dc/terms/" xmlns:xsi="http://www.w3.org/2001/XMLSchema-instance" xmlns:doc="http://www.lyncode.com/xoai" xsi:schemaLocation="http://www.loc.gov/MARC21/slim http://www.loc.gov/standards/marcxml/schema/MARC21slim.xsd">
   <leader>00925njm 22002777a 4500</leader>
   <datafield ind2=" " ind1=" " tag="042">
      <subfield code="a">dc</subfield>
   </datafield>
   <datafield ind2=" " ind1=" " tag="720">
      <subfield code="a">Vilaró, Anna</subfield>
      <subfield code="e">author</subfield>
   </datafield>
   <datafield ind2=" " ind1=" " tag="720">
      <subfield code="a">Novell, Elena</subfield>
      <subfield code="e">author</subfield>
   </datafield>
   <datafield ind2=" " ind1=" " tag="720">
      <subfield code="a">Enrique-Tarancon, Vicens</subfield>
      <subfield code="e">author</subfield>
   </datafield>
   <datafield ind2=" " ind1=" " tag="720">
      <subfield code="a">Balielles, Jordi</subfield>
      <subfield code="e">author</subfield>
   </datafield>
   <datafield ind2=" " ind1=" " tag="720">
      <subfield code="a">Migura-García, Lourdes</subfield>
      <subfield code="e">author</subfield>
   </datafield>
   <datafield ind2=" " ind1=" " tag="720">
      <subfield code="a">Fraile, Lorenzo</subfield>
      <subfield code="e">author</subfield>
   </datafield>
   <datafield ind2=" " ind1=" " tag="260">
      <subfield code="c">2022-05-10</subfield>
   </datafield>
   <datafield ind2=" " ind1=" " tag="520">
      <subfield code="a">Antimicrobial susceptibility testing is necessary to carry out antimicrobial stewardship but a limited number of drugs belonging to each antimicrobial family has to be tested for technical limitations and economic resources. In this study, we have determined the minimal inhibitory concentration, using microdilution following international standards (CLSI), for 490 Actinobacillus pleuropneumoniae, 285 Pasteurella multocida, 73 Bordetella bronchiseptica, 398 Streptococcus suis and 1571 Escherichia coli strains from clinical cases collected in Spain between 2018 and 2020. The antimicrobial susceptibility pattern was deciphered using a principal component analysis for each bacterium and a matrix correlation (high &amp;gt; 0.8, medium 0.5-0.8 and low &amp;lt; 0.5) was obtained for each pair of antimicrobials. No significant associations were observed between MIC patterns for different antimicrobial families, suggesting that co-selection mechanisms are not generally present in these porcine pathogens. However, a high correlation was observed between the fluroquinolones (marbofloxacin and enrofloxacin) for all mentioned pathogens and for ceftiofur and cefquinome for E. coli and S. suis. Moreover, a significant association was also observed for tetracyclines (doxycycline and oxytetracycline) and B. bronchiseptica and tildipirosin/tulathromycin for P. multocida. These results suggest that generally, a representative drug per antimicrobial class cannot be selected, however, for some drug-bug combinations, MIC values from one representative drug could be extrapolated to the whole antimicrobial family.</subfield>
   </datafield>
   <datafield ind1="8" ind2=" " tag="024">
      <subfield code="a">Vilaró, Anna, Elena Novell, Vicens Enrique-Tarancon, Jordi Balielles, Lourdes Migura-García, and Lorenzo Fraile. 2022. "Antimicrobial Susceptibility Testing Of Porcine Bacterial Pathogens: Investigating The Prospect Of Testing A Representative Drug For Each Antimicrobial Family". Antibiotics 11 (5): 638. doi:10.3390/antibiotics11050638.</subfield>
   </datafield>
   <datafield ind1="8" ind2=" " tag="024">
      <subfield code="a">2079-6382</subfield>
   </datafield>
   <datafield ind1="8" ind2=" " tag="024">
      <subfield code="a">http://hdl.handle.net/20.500.12327/1815</subfield>
   </datafield>
   <datafield ind1="8" ind2=" " tag="024">
      <subfield code="a">https://doi.org/10.3390/antibiotics11050638</subfield>
   </datafield>
   <datafield ind2="0" ind1="0" tag="245">
      <subfield code="a">Antimicrobial Susceptibility Testing of Porcine Bacterial Pathogens: Investigating the Prospect of Testing a Representative Drug for Each Antimicrobial Family</subfield>
   </datafield>
</record></metadata></record></GetRecord></OAI-PMH>